Mongolië Trivia Quiz - Statistieken

Algemene statistieken
  • Deze quiz is 346 keer genomen
  • De gemiddelde score is 9 van 19
Antwoordstatistieken
Hint Antwoord % Correct
Hoofdstad Ulaanbaatar
92%
Grote woestijn gelegen tussen Mongolië en China Gobi
79%
Land dat bijna, maar nét niet, aan Mongolië grenst Kazachstan
74%
Religie die wordt beoefend door meer dan 50% van de Mongoolse bevolking Boeddhisme
72%
Oprichter van het Mongoolse rijk {Dzjengis} Khan
70%
Dier dat een symbool is van Mongolië en waar de populatie groter is dan de Mongoolse bevolking Paard
63%
Staatsideologie van Mongolië in de periode 1924–1992 {Commun}isme
62%
Term voor de uitgestrekte graslanden van Azië, waartoe een groot deel van Mongolië behoort Steppe
58%
Soort draagbare woning gebruikt door de nomadische bevolking van Mongolië Ger | Joert
55%
Chinese regio die grenst aan Oost-Mongolië, waar meer etnische Mongolen wonen dan in Mongolië zelf {Binnen}-Mongolië
39%
Mongoolse Khan die in 1279 China veroverde {Koeblai} Khan
38%
Moderne stad die de laatste hoofdstad van het Mongoolse rijk was Peking
30%
Nederlandse vertaling van die stad Rode Held
21%
Type adelaar dat wordt gebruikt voor de jacht in West-Mongolië {Steen}arend
21%
Chinese dynastie opgericht door de bovenstaande Yuan
20%
Geboortenaam van de bovenstaande Temüjin
16%
Valuta van Mongolië Tugrik
16%
Bergketen in het westelijke uiteinde van Mongolië Altaj
15%
Sector van de Mongoolse economie die verantwoordelijk is voor 80% van de export Mijnen
15%
Geen overeenkomende quizzen gevonden
Scoreverdeling
Procent van Mensen met Elke Score
Percentiel versus Aantal Correcte Antwoorden
Uw Scoregeschiedenis
U heeft deze quiz nog niet genomen